000 00605nam a2200157 a 4500
001 000030041
005 20240226144733.0
008 110428s1983 dr 000 s spa d
040 _aDO-SdBNP
_bspa
_cBNPHU
082 _axxxx
_bB641d
100 1 _aJorge Blanco, Salvador,
_d1926-2010
_930551
245 1 0 _aDiscursos del ciudadano presidente de la República Dr. Salvador Jorge Blanco durante la visita al país del Dr. Osvaldo Hurtado presidente de Ecuador /
_cSalvador Jorge Blanco.
260 _aSanto Domingo :
_bGobierno de Concentración Nacional,
_c1983.
300 _a20 p. ;
_c21 cm.
049 _aBNPD
999 _c29533
_d29533